000 00444nam a2200193Ia 4500
003 0100
008 130227s9999 xx 000 0 und d
040 _cARRUPELIB
050 _aJQ2823 1996
100 _aZambia Government
245 _aConstitution of Zambia
260 _aLusaka
260 _bGovernment Printers
260 _C1996
300 _a81p.
300 _b 18cm.
650 _bPsychology - Collected works
942 _2lcc
_01
999 _c2384
_d2384